| 000 -LEADER |
| fixed length control field |
01262 am a2200337ua 4500 |
| 001 - CONTROL NUMBER |
| control field |
011165231 |
| 003 - CONTROL NUMBER IDENTIFIER |
| control field |
OSt |
| 005 - DATE AND TIME OF LATEST TRANSACTION |
| control field |
20230228165947.0 |
| 008 - FIXED-LENGTH DATA ELEMENTS--GENERAL INFORMATION |
| fixed length control field |
020131s1997 enk || 000 ||eng |
| 015 ## - NATIONAL BIBLIOGRAPHY NUMBER |
| National bibliography number |
GB9776484 |
| Source |
bnb |
| 020 ## - INTERNATIONAL STANDARD BOOK NUMBER |
| International Standard Book Number |
9781900251235 (pbk) |
| 035 ## - SYSTEM CONTROL NUMBER |
| System control number |
(UkCU)c899707641 |
| 040 ## - CATALOGING SOURCE |
| Original cataloging agency |
UkCU |
| Modifying agency |
Uk |
| -- |
KH8 |
| Transcribing agency |
STD |
| 082 ## - DEWEY DECIMAL CLASSIFICATION NUMBER |
| Classification number |
920 SHA |
| 100 1# - MAIN ENTRY--PERSONAL NAME |
| Personal name |
Shah-Kazemi, Reza. |
| Relator term |
Author |
| 245 10 - TITLE STATEMENT |
| Title |
Avicenna : |
| Remainder of title |
prince of physicians / |
| Statement of responsibility, etc. |
written by Reza Shah-Kazemi & illustrated by Fatima Zahra Hassan. |
| 260 ## - PUBLICATION, DISTRIBUTION, ETC. |
| Place of publication, distribution, etc. |
London : |
| Name of publisher, distributor, etc. |
Hood Hood Books, |
| Date of publication, distribution, etc. |
[1997] |
| 300 ## - PHYSICAL DESCRIPTION |
| Extent |
21p. ; |
| Dimensions |
20cm.x. |
| 336 ## - CONTENT TYPE |
| Content type term |
text |
| Source |
rdacontent |
| 337 ## - MEDIA TYPE |
| Media type term |
unmediated |
| Source |
rdamedia |
| 338 ## - CARRIER TYPE |
| Carrier type term |
volume |
| Source |
rdacarrier |
| 490 1# - SERIES STATEMENT |
| Series statement |
Heroes from the East |
| 600 04 - SUBJECT ADDED ENTRY--PERSONAL NAME |
| Personal name |
Avicenna, |
| Dates associated with a name |
980-1037 |
| General subdivision |
Juvenile literature. |
| 650 ## - SUBJECT ADDED ENTRY--TOPICAL TERM |
| Topical term or geographic name entry element |
Children's story |
| 830 #0 - SERIES ADDED ENTRY--UNIFORM TITLE |
| Uniform title |
Heroes from the East |
| 886 2# - FOREIGN MARC INFORMATION FIELD |
| 2 |
ukmarc |
| a |
900 |
| b |
10 |
| a |
Kazemi |
| h |
Reza Shah- |
| x |
See |
| a |
Shah-Kazemi, Reza |
| z |
100 |
| 886 2# - FOREIGN MARC INFORMATION FIELD |
| 2 |
ukmarc |
| a |
900 |
| b |
00 |
| a |
Husain ibn ʿAbd Allāh |
| x |
See |
| a |
Avicenna, |
| x |
980-1037 |
| z |
600 |
| 886 2# - FOREIGN MARC INFORMATION FIELD |
| 2 |
ukmarc |
| a |
900 |
| b |
10 |
| a |
Ibn Sīnā |
| h |
Abū ʿAlī al-Ḥusayn ibn ʿAbd Allāh |
| x |
See |
| a |
Avicenna, |
| x |
980-1037 |
| z |
600 |
| 886 2# - FOREIGN MARC INFORMATION FIELD |
| 2 |
ukmarc |
| a |
900 |
| b |
00 |
| a |
al-Ḥusayn ibn ʿAbd Allāh ibn Sīnā |
| x |
See |
| a |
Avicenna, |
| x |
980-1037 |
| z |
600 |
| 942 ## - ADDED ENTRY ELEMENTS (KOHA) |
| Source of classification or shelving scheme |
|
| Koha item type |
Books - Non Ficton |